书目信息 |
| 题名: |
经济形势政策与投资策略
|
|
| 作者: | 陈东琪 主编 | |
| 分册: | ||
| 出版信息: | 长沙 湖南出版社 1998.08 |
|
| 页数: | 285页 | |
| 开本: | 32开 | |
| 丛书名: | ||
| 单 册: | ||
| 中图分类: | T-120 , F120 | |
| 科图分类: | ||
| 主题词: | 经济--中国 | |
| 电子资源: | ||
| ISBN: | 7-5438-1784-5 | |
| 000 | 00594nam0 2200205 45 | |
| 001 | 0010031949 | |
| 005 | 20080917150832.00 | |
| 010 | @a7-5438-1784-5@d13.90元 | |
| 100 | @a20001003d1998 km y0chiy0120 ea | |
| 101 | 0 | @achi |
| 105 | @a z 000yy | |
| 200 | 1 | @a经济形势政策与投资策略@AJing Ji Xing Shi Zheng Ce Yu Tou Zi Ce Lue@f陈东琪主编@FChen Dong Qi Zhu Bian |
| 210 | @a长沙@c湖南出版社@d1998.08 | |
| 215 | @a285页@d32开 | |
| 606 | 0 | @a经济@x中国 |
| 690 | @aT-120@v3 | |
| 690 | @aF120@v4 | |
| 701 | 0 | @a陈东琪@4主编 |
| 801 | @aCN@bPftUser@c20080917 | |
| 905 | @b413011-013@dF120@eC390@f3 | |
| 经济形势政策与投资策略/陈东琪主编.-长沙:湖南出版社,1998.08 |
| 285页;32开 |
| ISBN 7-5438-1784-5:13.90元 |
| ● |
| 相关链接 |
|
|
|
正题名:经济形势政策与投资策略
索取号:F120/C390
 
预约/预借
| 序号 | 登录号 | 条形码 | 馆藏地/架位号 | 状态 | 备注 |
| 1 | 413011 | 204130118 | 社科库409/409社科库 67排4列2层/ [索取号:F120/C390] | 在馆 | |
| 2 | 413012 | 204130127 | 社科库409/409社科库 67排4列2层/ [索取号:F120/C390] | 在馆 | |
| 3 | 413013 | 204130136 | 社科库409/409社科库 67排4列2层/ [索取号:F120/C390] | 在馆 |